Sessualità e diritti negati: omosessualità e non solo Contributo alla discussione e al confronto elaborato dalla Conferenza Permanente per le Pari Opportunità tra i Generi sulla base del libro di Simona Argentieri, A qualcuno piace uguale, Einaudi

-д хадгалсан:
Номзүйн дэлгэрэнгүй
Байгууллагын зохиогч: Conferenza Permanente per le Pari Opportunità tra i Generi
Формат: Бага хурлын үйл явц Ном
Хэл сонгох:англи
Шошгууд: Шошго нэмэх
Шошго байхгүй, Энэхүү баримтыг шошголох эхний хүн болох!

MARC

LEADER 00000nam a2200000 4500
005 20240529175505.0
008 240529b |||||||| |||| 00| 0 eng d
040 |c GP 
111 |a Conferenza Permanente per le Pari Opportunità tra i Generi 
245 |a Sessualità e diritti negati: omosessualità e non solo  |b Contributo alla discussione e al confronto elaborato dalla Conferenza Permanente per le Pari Opportunità tra i Generi sulla base del libro di Simona Argentieri, A qualcuno piace uguale, Einaudi 
942 |2 ddc  |c BK  |n 0 
952 |0 0  |1 0  |2 ddc  |4 0  |6 323_326400000000000_ARG  |7 1  |9 1317  |a RM  |b RM  |d 2024-05-29  |l 0  |o 323.3264 ARG  |p 124  |r 2024-05-29 17:55:30  |w 2024-05-29  |y BK 
999 |c 1213  |d 1213